150 Gilmore Girls Characters - Statistics

General Stats
  • This quiz has been taken 9,305 times
    5,600 since last reset
  • The average score is 50 of 171
Answer Stats
:) Answer % Correct
2 Rory Gilmore
99%
3 Emily Gilmore
97%
1 Lorelai Gilmore
97%
5 Lorelai "Trix" Gilmore
97%
9 Jess Mariano
95%
8 Luke Danes
95%
24 Dean Forester
94%
4 Richard Gilmore
94%
142 Luke "My name is Luke too"
93%
62 Logan Huntzberger
90%
17 Paris Geller
90%
53 Rich Bloomenfeld
88%
15 Lane Kim
87%
6 Sookie St James
87%
146 Cat Kirk
82%
13 Kirk Gleason
82%
10 Miss Patty
81%
32 Christopher Haden
77%
111 Jack Springsteen
77%
16 Mrs Kim
76%
11 Babette Dell
74%
7 Jackson Belleville
74%
27 Taylor Doose
74%
67 Max Medina
71%
14 Michel Gerard
70%
84 Tristan Dugray
67%
22 Louise Grant
63%
40 Liz Danes
60%
21 Madeline Lynn
60%
46 April Nardini
59%
54 Dave Rygalski
58%
50 Zack Van Gerbig
55%
103 The Real Paul Anka
52%
102 Dog Paul Anka
51%
88 Jason "Digger" Stiles
51%
63 Mitchum Huntzberger
51%
47 Anna Nardini
49%
41 TJ "Gary"
49%
51 Gil
48%
74 Marty "Naked Guy"
47%
34 Georgia "Gigi" Haden
46%
12 Morey Dell
46%
161 Anna Fairchild
43%
49 Brian Fuller
42%
118 Bertram 'Buddy' Linds
41%
28 Gypsy
41%
39 Al
40%
68 Finn
40%
65 Honor Huntzberger
40%
33 Sherry Tinsdale
40%
25 Clara Forester
39%
70 Doyle McMaster
39%
30 Lulu Kuschner
37%
37 Fran Weston
36%
26 Lindsay Lister
36%
86 Rachel
36%
69 Colin McCrae
35%
76 Davey Belleville
35%
64 Shira Huntzberger
35%
78 Beau Belleville
34%
77 Martha Janice Lori Ethan Rupert Glenda Carson Daisy Danny Belleville
33%
100 Lucy
32%
114 Alex Lesman
28%
48 Hanlin Charleston
28%
98 Henry Cho
28%
80 Rune Belleville
28%
148 Dan
27%
66 Elias Huntzberger
27%
87 Nicole Leahy
27%
36 Francine Haden
26%
42 Andrew
24%
123 Jimmy Mariano
24%
35 Straub Haden
24%
31 Tom
24%
82 Asher Fleming
23%
18 Janet Billings
22%
106 Mia Halloway (Possibly now Bass)
22%
126 William Danes
22%
101 Olivia Marquont
21%
23 Francie Jarvis
20%
45 Sophie Bloom
20%
19 Tana Shrik
20%
132 Barbara Forester
19%
29 Caesar
19%
90 Carol Stiles
19%
58 Drella
19%
89 Floyd Stiles
19%
81 Jamie
19%
127 Louie Danes
19%
133 Randall Forester
17%
128 Robert "Grimaldi"
17%
152 Brad Langford
16%
145 Cinnamon
16%
170 Doula
16%
150 Joe (Delivery Man)
15%
116 Cousin David
14%
168 Steve
14%
112 Carol Springsteen
13%
43 Pete
13%
72 Bill (Yale Daily News)
12%
96 Shane
12%
160 Gisele Gerard
11%
71 Glenn Babble
11%
83 Kyle Gibson
10%
38 Bootsy
9%
110 Jennifer Springsteen
9%
167 Kwan
9%
109 Marie Springsteen
9%
141 Miss Celine
9%
79 Nanny
9%
138 Pennilyn Lott
9%
95 The 2nd Troubadour
9%
94 The Troubadour
9%
151 Carrie Duncan "Crazy Carrie"
8%
108 Darren Springsteen
8%
153 Marilyn "Aunt Marilyn"
8%
99 Yiung Chui
8%
57 Rabbi David Barans
7%
56 Reverend
7%
156 Sammy (World's fattest cat)
7%
154 Sasha
7%
59 Tobin
7%
52 Todd
7%
158 Charlie Davenport
6%
129 Juliet
6%
143 Paw Paw
6%
115 Peyton Sanders
6%
75 Sheila
6%
85 Summer
6%
122 Susan Bennet
6%
97 Teresa Lister
6%
137 Brennon "Froggy" Lewis
5%
144 Chin Chin
5%
107 Howard Bass
5%
139 Kyon (The exchange student)
5%
140 Lemon (Member of the Puffs)
5%
92 Mrs Cassini
5%
93 Natalie Zimmerman
5%
131 Stephanie
5%
105 Cletus
4%
136 Cousin Christine
4%
159 Debbie Fincher
4%
55 East Side Tilly
4%
166 Howard (The new best friend because he holds free food)
4%
73 Joni (Yale Daily News)
4%
125 Midwife Bruce
4%
169 Petal
4%
165 Pierpont (The Garden Gnome)
4%
130 Rosemary
4%
164 Simon McLane
4%
60 Terrence (Counsellor)
4%
61 Terrence (Festival of Living Pictures)
4%
20 Chester Fleet
3%
104 Desdemona
3%
157 Hank (From Woodbridge)
3%
155 LaDawn (Owner of the Cheshire Cat Inn)
3%
91 Maureen Rollins
3%
171 Odette (Logan's fiancé)
3%
147 Cyrus
2%
124 Dwight
2%
117 Maisy Fortner
2%
163 Mrs Lanahan
2%
149 Papaya
2%
44 Pasquale
2%
134 Snuggles
2%
113 Tess
2%
162 Town Elder
2%
120 Tweenie Halpern
2%
135 Beenie Morrison
1%
119 Sniffy
1%
121 Sweetie "She was sweet"
1%
No matching quizzes found
Score Distribution
Percent of People with Each Score
Percentile by Number Answered
Your Score History
You have not taken this quiz since the last reset